Missing Word: The Wizard of Oz Quiz Stats

 Plays Quiz Updated Jun 20, 2018

Challenge
Share
Tweet
Embed
Score 0/14 Timer 03:00
0 Plays Today
Song Title Missing Word % Correct
'Over the ________' (Dorothy)Rainbow
99.4%
'If I Only Had a ________' (The Tin Man)Heart
95.9%
'Ding-Dong! The Witch is ________' (The Munchkins)Dead
95.8%
'If I Only Had a ________' (The Scarecrow)Brain
95.2%
'We're Off to See the ________' (Dorothy & the Scarecrow)Wizard
94.2%
'In the Merry Old Land of ________' (Cabbie, Dorothy, the Scarecrow, the Cowardly Lion, & the Tin Man)Oz
87.4%
'We ________ You to Munchkinland' (The Munchkins)Welcome
83.4%
Song Title Missing Word % Correct
'The ________ Guild' (The Munchkins)Lollipop
68.5%
'If I Were King of the ________' (Dorothy, the Scarecrow, the Cowardly Lion, & the Tin Man)Forest
53.4%
'If I Only Had the ________' (The Cowardly Lion)Nerve
49.5%
'The ________ League' (The Munchkins)Lullaby
26.7%
'We Thank You Very ________' (The Munchkins)Sweetly
23.6%
'It Really Was No ________' (Dorothy & the Munchkins)Miracle
20.3%
'Night on ________ Mountain' (Instrumental)Bald
16.3%

Today's Daily Dose

You're not logged in!

Compare scores with friends on all Sporcle quizzes.
Join for Free
OR
Log In

You Might Also Like...

Show Comments

Extras

Top Quizzes Today


Score Distribution

Your Account Isn't Verified!

In order to create a playlist on Sporcle, you need to verify the email address you used during registration. Go to your Sporcle Settings to finish the process.

Report this User

Report this user for behavior that violates our Community Guidelines.

Details: